| 000 | 00482nam a2200181Ia 4500 | ||
|---|---|---|---|
| 005 | 20260429112036.0 | ||
| 008 | 260429s9999||||xx |||||||||||||| ||und|| | ||
| 020 | _a9781804895849 | ||
| 041 | _aEnglish | ||
| 082 |
_a514 _bALL |
||
| 100 | _aAllen, Shabana | ||
| 245 | 0 |
_aIntroduction to topology / _cShabana Allen |
|
| 260 |
_aUnited Kingdom : _bBrilliant Publication Ltd. , _c2026. |
||
| 300 | _aix, 238 p.; hb | ||
| 650 | _a Mathematics | ||
| 650 | _aTopology | ||
| 942 | _cTB | ||
| 999 |
_c52043 _d52043 |
||